Revista de Marina (Registro nro. 21826)
[ vista simple ]
| 000 -Cabecera | |
|---|---|
| Campo de control interno | 01828nam a2200265Ia 4500 |
| 005 - Fecha y hora del registro | |
| control field | 20260320113316.0 |
| 008 - Elementos de Longitud Fija | |
| fixed length control field | 260320s9999||||xx |||||||||||||| ||und|| |
| 041 ## - Idioma | |
| Codigo Idioma | ESP |
| 082 ## - DEWEY y NOTACIÓN INTERNA | |
| Dewey | HR 387.5 N° 2 2025 |
| Notación Interna | RM |
| 100 ## - AUTOR | |
| Autor denominación | |
| Término de relación | |
| 110 ## - AUTOR INSTTITUCIONAL | |
| Autor Institucional | Fondo de Publicaciones de la Dirección General de Comunicación e Intereses Marítimos |
| 245 #0 - TÍTULO DE MATERIAL BIBLIOGRÁFICO | |
| Título | Revista de Marina |
| Título paralelo | |
| 246 ## - TÍTULO TRADUCIDO | |
| Título | |
| Título paralelo | |
| Autor | |
| 260 ## - CIUDAD, EDITORIAL, AÑO | |
| Ciudad | Callao : |
| Nombre de la Editorial | Fondo de Publicaciones de la Dirección General de Comunicación e Intereses Marítimos, |
| Año | 2025 |
| 300 ## - DESCRIPCIÓN | |
| N° Páginas | 187 páginas : |
| Otros detalles | ilustraciones, fotografías, diagramas ; |
| Dimensiones | 24 cm. |
| Material Adicional | |
| 440 ## - MENCIÓN DE SERIE | |
| Título de la Serie | |
| Número de Serie | |
| Volumen de Serie | |
| 505 ## - TABLA DE CONTENIDO | |
| Tabla de Contenido | Abril-Junio 2025 ARTÍCULOS - Ceremonia de entrega del B.A.P. Chipana - Propuesta de Implementación del gemelo digital en las construcciones navales de los Servicios Industriales de la Marina del Perú - Liderazgo en tiempos de cambio - Análisis de conflictos. Las dos guerras chechenas - Mahan y la estrategia naval de EE.UU. de 1986 - Aproximación a una metodología híbrida para el diseño de fuerzas navales: una guía de Planeamiento Estratégico para la defensa basada en prospectivas de escenario, considerando amenazas y capacidades - Innovar o morir: la carrera por la IA militar comienza en las aulas - La Educación en la Escuela Naval del Perú: forjando líderes transversales para los retos del mañana - La geopolítica marítima de China en el Asia-Pacífico y su influencia en la política exterior del Perú - Intereses marítimos: un proceso dinámico e iterativo - El Acuerdo BBNJ y los beneficios para el Perú - Contralmirante (SN) (MC) Óscar Maúrtua Moyano (1905-2010) A 15 años de su partida |
| 650 ## - TEMAS | |
| Temas | Ciencias Sociales |
| 653 ## - DESCRIPTORES | |
| Lenguajes no controlado | Perú. Marina de Guerra - Revista |
| 654 ## - PROGRAMAS | |
| Programa | Dpto. de Administración de Negocios |
| 700 ## - OTROS AUTORES | |
| Otros autores | |
| Títulos y otras palabras asociadas con el nombre | |
| 856 ## - URL - UBICACIÓN | |
| URI/URL: Enlace exacto del recurso | <a href=""></a> |
| Nota pública: Versión digital | <a href=""></a> |
| 942 ## - ELEMENTOS DE KOHA | |
| Tipo de documento | Revista |
| Nombre del creador | Justo Noguera |
| Código de catalogador | Margarita Torres |
| Esquema de clasificación | Dewey Decimal Classification |
| Suppress in OPAC | |
| Codigo completo | Registro | Colección | Copia número | Disponibilidad | Tipo de préstamo | Biblioteca Actual | Procedencia (Biblioteca) | Ubicacón | Fecha Ingreso | Tipo de Adquisición | Date last seen | Total checkouts | Price effective from | Tipo de Item | Estado del Material | Fuente de Clasificación | Damaged status | Withdrawn status |
|---|---|---|---|---|---|---|---|---|---|---|---|---|---|---|---|---|---|---|
| HR 387.5 N° 2 2025 RM | 1085525 | Universidad Católica San Pablo | 1 | Disponible | Disponible | Víctor Andrés Belaunde | Víctor Andrés Belaunde | Planta baja abierta | 08/04/2026 | Donación | 08/04/2026 | 08/04/2026 | Revista | Bueno | Dewey Decimal Classification |




